| 000 | 01033cab a2200277 4500 | ||
|---|---|---|---|
| 001 | WB3003-50 | ||
| 008 | 090401t1994 xxu||||| |||| 00| 0 eng d | ||
| 035 | _a(Sirsi) u53522 | ||
| 041 | _aeng | ||
| 245 | _aUrban strategy | ||
| 260 | _c1994 | ||
| 350 | _a0 | ||
| 490 |
_aPlanning (for the Natural and Built Environment) _v(1051) 14 January 1994, 5(1) |
||
| 520 | _aThe Joseph Rowntree Foundation and the Anglo German Foundation have published a report, which emphasises the need to do more than to improve the physical environment in urban regeneration programmes. The creation of community enterprise zones is suggested. "Investing in people - rescuing communities from the margin" £6.50. | ||
| 650 | _aANGLO-GERMAN FOUNDATION | ||
| 650 | _aCOMMUNITY ENTERPRISE ZONES | ||
| 650 | _aGERMANY | ||
| 650 | _aINNER CITIES | ||
| 650 | _aJOSEPH ROWNTREE FOUNDATION | ||
| 650 | _aTRANSFER | ||
| 650 | _aUNITED KINGDOM | ||
| 650 | _aURBAN REGENERATION | ||
| 690 | _aURBAN RENEWAL | ||
| 942 | _n0 | ||
| 948 | _c04/03/1997 | ||
| 999 |
_c32984 _d32984 |
||